000
00355cam a2200157ua 4500
041
_a
eng
_h
082
_a
028.76
_b
SAH/WH
100
_a
Sahitya academy, .
245
_a
Who`s who of Indian writers
250
_a
1 /
_b
.
260
_a
New Delhi :
_b
Sahitya Academy ,
_c
1961.
300
_a
410 ; .
504
_a
942
_c
BK
999
_c
8888
_d
8888